| 000 | 01022nam a2200277Ia 4500 | ||
|---|---|---|---|
| 003 | OSt | ||
| 005 | 20221005104005.0 | ||
| 006 | a|||||r|||| 00| 0 | ||
| 007 | ta | ||
| 008 | 221004b |||||||| |||| 00| 0 hin d | ||
| 020 |
_a9788179171370 (hbk) _cINR 650.00 |
||
| 024 | _a66188 | ||
| 037 |
_bGV719, 09/03/2020, Vani Prakashan _cTextual |
||
| 040 |
_aCRL _cCRL _bhin |
||
| 041 |
_2hin _ahin |
||
| 082 | _aO152,3:g(Y11), Q3 | ||
| 100 | _aपांड्या, हिमांशु, संपा. | ||
| 245 | 0 | _aबच्चे और किताबें | |
| 246 | _aBachche aur kitābean | ||
| 260 |
_aदिल्ली _bग्रंथ शिल्पी भारत _c2013 |
||
| 300 |
_a327पृ0 _ccm. |
||
| 650 | _a हिन्दी साहित्य | ||
| 650 | _aहिन्दी कहानी | ||
| 942 |
_hO152,3:g(Y11), Q3 _cTEXL _2cc |
||
| 999 |
_c1011443 _d1011443 |
||